00539nam a2200229Ia 4500008004100000020001500041050001400056100002400070245003200094245002700126260001900153260001600172260000900188300001400197300002600211300001000237500000900247650001800256650001400274650001000288700001100298181129s9999 xx 000 0 und d a0590960717 bD536 2000 aDiakite, Baba Wague 0aHatseller and the monkeys / 0cby Baba Wague Diakite. aNew York, NY : bScholastic, c2000 aunpaged : bcolor illustrations ; c22cm. a910L aAfrican, West aFolklore. aMali. aTitle.